[Event "AUTO-INT-3178"]
[Site "http://www.queenalice.com/game.php?id=1443555"]
[Date "2016.9.30"]
[Round "1"]
[White "NickThorp"]
[Black "Denilsohn"]
[Result "0-1"]
[WhiteElo "1591"]
[BlackElo "1523"]

1. e4 e6 2. d4 b6 3. Nf3 Bb7 4. e5 c5 5. Bb5 cxd4 6. Nxd4 Bxg2 7. Rg1 Bb7 8. Bf4
Ne7 9. Nc3 Ng6 10. Bg5 Qc7 11. Qd3 a6 12. Ba4 b5 13. Bb3 Qxe5+ 14. Be3 Nf4 15.
O-O-O Nxd3+ 16. Rxd3 Qxh2 17. f4 b4 18. Nd1 g6 19. Rd2 Qh3 20. Nf2 Qxe3 21. Nxe6
dxe6 22. f5 Bh6 23. Ba4+ Bc6 24. Bxc6+ Nxc6 25. Rd1 Qxf2 0-1

[Event "Let's Play Chess!"]
[Site "http://www.queenalice.com/game.php?id=1443767"]
[Date "2016.10.2"]
[Round "-"]
[White "Dinda54"]
[Black "Denilsohn"]
[Result "1-0"]
[WhiteElo "1395"]
[BlackElo "1534"]

1. d4 d5 2. Nf3 Nc6 3. Nc3 Bf5 4. e3 e6 5. Bd3 Bxd3 6. cxd3 Nf6 7. O-O Bb4 8. e4
dxe4 9. Nxe4 O-O 10. a3 Be7 11. Nfg5 Qxd4 12. Be3 Qxb2 13. Nxf6+ Qxf6 14. f4
Rfd8 15. Ne4 Qb2 16. Qh5 Rxd3 17. Bc5 g6 18. Qh6 Rad8 19. Bxe7 1-0

[Event "jogo rápido"]
[Site "http://www.queenalice.com/game.php?id=1443816"]
[Date "2016.10.2"]
[Round "-"]
[White "zubarev"]
[Black "Denilsohn"]
[Result "0-1"]
[WhiteElo "1915"]
[BlackElo "1448"]

1. e4 e5 2. Nf3 f5 3. Nc3 Nc6 4. d3 d6 5. Be2 Be7 6. O-O Nf6 7. Bg5 O-O 8. Bxf6
Bxf6 9. Nd5 Be6 10. c4 a5 11. Qd2 Bd7 12. Rac1 b6 13. b3 f4 14. Ne1 Nd4 15. Nf3
Nxe2+ 16. Qxe2 c6 17. Nxf6+ Qxf6 18. Qd2 Qg6 19. Kh1 Bg4 20. Rg1 Qh5 21. Qe2 Rf6
22. g3 Bxf3+ 23. Qxf3 Qxf3+ 24. Rg2 fxg3 25. hxg3 Rh6+ 0-1

[Event "Let's Play Chess!"]
[Site "http://www.queenalice.com/game.php?id=1444814"]
[Date "2016.10.8"]
[Round "-"]
[White "Denilsohn"]
[Black "ringup478689"]
[Result "0-1"]
[WhiteElo "1534"]
[BlackElo "2329"]

1. e4 c6 2. b3 d5 3. exd5 cxd5 4. Nf3 Nf6 5. Bb2 Nc6 6. Bb5 Bg4 7. Bxc6+ bxc6 8.
h3 Bxf3 9. Qxf3 e6 10. Bxf6 Qxf6 11. Qxf6 gxf6 12. Ke2 Bd6 13. g3 Kd7 14. Nc3
Rag8 15. Ke3 h5 16. Ne2 f5 0-1

[Event "Let's Play Chess!"]
[Site "http://www.queenalice.com/game.php?id=1444819"]
[Date "2016.10.8"]
[Round "-"]
[White "charles31"]
[Black "Denilsohn"]
[Result "0-1"]
[WhiteElo "1876"]
[BlackElo "1354"]

1. d4 g6 2. e4 Bg7 3. e5 d6 4. Bc4 dxe5 5. d5 c6 6. Qf3 Nf6 7. dxc6 Nxc6 8. Be3
Bg4 9. Nd2 Bxf3 10. Ngxf3 Nd5 11. Bc5 Qa5 12. Ba3 e4 0-1

[Event "for beginners"]
[Site "http://www.queenalice.com/game.php?id=1444826"]
[Date "2016.10.8"]
[Round "-"]
[White "Denilsohn"]
[Black "julianowagner"]
[Result "1-0"]
[WhiteElo "1384"]
[BlackElo "1224"]

1. e4 d5 2. exd5 Nf6 3. d4 Nxd5 4. Nf3 e6 5. c4 Nf6 6. Be2 c5 7. Nc3 Nc6 8. d5
exd5 9. cxd5 Nb4 10. Bb5+ Bd7 11. d6 a6 12. Qe2+ Be7 13. dxe7 Qxe7 14. Bxd7+
Nxd7 15. Qxe7+ Kxe7 16. O-O f6 17. Rd1 Rad8 18. Bf4 Ne5 19. Nxe5 fxe5 20. Bg5+
1-0

[Event "for beginners"]
[Site "http://www.queenalice.com/game.php?id=1444827"]
[Date "2016.10.8"]
[Round "-"]
[White "julianowagner"]
[Black "Denilsohn"]
[Result "0-1"]
[WhiteElo "1214"]
[BlackElo "1394"]

1. d4 e6 2. c4 Nf6 3. Nc3 d5 4. e3 b6 5. Nf3 Bb7 6. Ne5 Bd6 7. Qa4+ c6 8. b4 O-O
9. c5 Bxe5 10. dxe5 Nfd7 11. f4 bxc5 12. b5 cxb5 13. Qxb5 Ba6 14. Qb2 Bxf1 15.
Rxf1 Nc6 16. Qf2 Qa5 17. Bd2 Nb4 18. Ke2 Rfb8 19. Nxd5 exd5 20. Rab1 Qxa2 21. f5
Qc4+ 22. Ke1 Nc2+ 0-1

[Event "mortadela x coxinha (eu)"]
[Site "http://www.queenalice.com/game.php?id=1444855"]
[Date "2016.10.8"]
[Round "-"]
[White "Denilsohn"]
[Black "Tantra"]
[Result "1-0"]
[WhiteElo "1478"]
[BlackElo "1073"]

1. e4 e5 2. d4 exd4 3. c3 dxc3 4. Bc4 cxb2 5. Bxb2 Qe7 6. Nd2 Nc6 7. Ngf3 Nf6 8.
O-O d6 9. Rb1 Nd7 10. Bb5 a6 11. Bxc6 bxc6 12. Nd4 Bb7 13. Nf5 Qd8 14. Bxg7 Bxg7
15. Nxg7+ Kf8 16. Nf5 Bc8 17. Qh5 Qf6 18. Nh6 Nc5 19. h3 Be6 20. a3 Kg7 21. Nf5+
Bxf5 22. exf5 Rhg8 23. Qf3 Kh8 24. Rfc1 Rae8 25. Nf1 Ne4 26. Rxc6 Re5 27. Rxc7
d5 28. Ng3 Nd2 29. Qh5 Rf8 30. Rbc1 Nc4 31. a4 a5 32. Ra7 h6 33. h4 Kh7 34. Rc7
Kh8 35. Qg4 Rg8 36. Qf4 1-0

[Event "Let's Play!"]
[Site "http://www.queenalice.com/game.php?id=1444875"]
[Date "2016.10.9"]
[Round "-"]
[White "Denilsohn"]
[Black "digger"]
[Result "0-1"]
[WhiteElo "1565"]
[BlackElo "1572"]

1. e4 e5 2. d4 exd4 3. Bc4 Qf6 4. Nf3 c5 5. c3 dxc3 6. Nxc3 a6 7. Nd5 Qc6 8. Ne5
Qd6 9. Nxf7 Kxf7 10. Qh5+ g6 11. Nc7+ Ke7 12. Qg5+ Qf6 13. Nd5+ Ke8 14. Nxf6+
Kd8 15. Nxg8+ Kc7 16. Qe5+ Bd6 17. Qxh8 b5 18. Nf6 Bb7 19. Bd2 Kb6 0-1

[Event "BOEING 717-200 IV"]
[Site "http://www.queenalice.com/game.php?id=1445419"]
[Date "2016.10.12"]
[Round "-"]
[White "zubarev"]
[Black "Denilsohn"]
[Result "0-1"]
[WhiteElo "1876"]
[BlackElo "1535"]

1. d4 Nf6 2. Nc3 d5 3. Nf3 Bf5 4. Bg5 h6 5. Bh4 e6 6. e3 Bb4 7. Bd3 g5 8. Bg3
Ne4 9. O-O Nxg3 10. fxg3 Nc6 11. Bxf5 exf5 12. Ne5 Nxe5 13. dxe5 Bxc3 14. bxc3
Qd7 15. Qd3 O-O-O 16. Qxf5 Qxf5 17. Rxf5 Rd7 18. Raf1 Re8 19. Kf2 Rde7 20. Ke2
Rxe5 21. Rxe5 Rxe5 22. Rxf7 Re6 23. Kf3 Rc6 24. Rh7 Rxc3 25. Rxh6 Rxc2 26. Rg6
Rxa2 27. Rxg5 Rd2 28. h4 c6 29. Rg4 Rd1 30. h5 Rf1+ 31. Ke2 Rf8 32. Rg6 a5 33.
h6 Rh8 34. Kd3 a4 35. Kc3 c5 36. g4 Kc7 37. g5 b5 38. Rg7+ Kb6 39. h7 b4+ 40.
Kb2 a3+ 41. Ka2 Rf8 42. Rg8 Rf2+ 43. Kb3 Rb2+ 44. Ka4 a2 45. Rg6+ Kc7 46. h8=Q
a1=Q+ 47. Kb5 Qf1+ 0-1

[Event "EMBRAER EMB-110 BANDEIRANTE VIII"]
[Site "http://www.queenalice.com/game.php?id=1445437"]
[Date "2016.10.13"]
[Round "-"]
[White "Denilsohn"]
[Black "zubarev"]
[Result "1-0"]
[WhiteElo "1505"]
[BlackElo "1906"]

1. e4 e5 2. d4 exd4 3. c3 dxc3 4. Bc4 Bb4 5. bxc3 Bd6 6. Qg4 Bf8 7. Qf4 Qe7 8.
Be3 d6 9. Nf3 Nf6 10. Ng5 Be6 11. Nxe6 fxe6 12. Nd2 Nc6 13. Rb1 Rb8 14. O-O Ne5
15. Bxa7 Ra8 16. Rxb7 Qd7 17. Bb5 Nc6 18. Nc4 e5 19. Qf5 Ke7 20. Qxd7+ Nxd7 21.
Bxc6 Rd8 22. Rxc7 Ke6 23. f4 Nc5 24. Bd5+ Kf6 25. Bxc5 dxc5 26. Rf7+ Kg6 27.
Nxe5+ Kh6 28. Rf3 1-0

[Event "AUTO-OPEN-3699"]
[Site "http://www.queenalice.com/game.php?id=1450785"]
[Date "2016.11.18"]
[Round "2"]
[White "NatanEstivallet"]
[Black "Denilsohn"]
[Result "1-0"]
[WhiteElo "2562"]
[BlackElo "1574"]

1. e4 Nf6 2. e5 Nd5 3. d4 d6 4. Nf3 b6 5. Bb5+ Bd7 6. c4 Nb4 7. Bxd7+ Nxd7 8. a3
Nc6 9. Qa4 Na5 10. b4 Nxc4 11. Qc6 b5 12. e6 fxe6 13. Ng5 Rb8 14. Nxe6 Qc8 15.
O-O Qb7 16. Nxc7+ Kd8 17. Ne6+ Ke8 18. Qxb7 Rxb7 19. Nc3 Nf6 20. Re1 Rg8 21. Bg5
Kd7 22. Re2 h6 23. Bxf6 exf6 24. Nd5 Nb6 25. Ndf4 Be7 26. Ng6 Rc8 27. Nxe7 Kxe7
28. Nc5+ Kf7 29. Nxb7 Na4 30. Nxd6+ 1-0

[Event "AUTO-OPEN-3699"]
[Site "http://www.queenalice.com/game.php?id=1450786"]
[Date "2016.11.18"]
[Round "2"]
[White "Denilsohn"]
[Black "NatanEstivallet"]
[Result "0-1"]
[WhiteElo "1576"]
[BlackElo "2561"]

1. d4 Nf6 2. g3 g6 3. Bg2 Bg7 4. f3 O-O 5. Bf4 d6 6. Qd2 Nd5 7. Bh6 Bxh6 8. Qxh6
c5 9. e4 Qb6 10. Qc1 Nf6 11. dxc5 Qxc5 12. Nc3 b5 13. a3 Nc6 14. Nge2 Bb7 15.
Qh6 a5 16. Nc1 Nd4 17. Nd3 Qc4 18. O-O b4 19. axb4 axb4 20. Rxa8 Rxa8 21. Nd1
Nxc2 22. N1f2 Qd4 23. Rc1 b3 24. Bf1 Ra2 25. Kh1 Rxb2 26. Nxb2 Qxf2 27. Nd3
Qxf3+ 28. Kg1 Bxe4 29. Nf4 Qe3# 0-1

[Event "AUTO-OPEN-3699"]
[Site "http://www.queenalice.com/game.php?id=1450793"]
[Date "2016.11.18"]
[Round "2"]
[White "ribeiroBR"]
[Black "Denilsohn"]
[Result "1-0"]
[WhiteElo "2063"]
[BlackElo "1543"]

1. e4 e5 2. Nf3 Nf6 3. d3 Nc6 4. Nc3 d5 5. Bg5 Bb4 6. a3 Bxc3+ 7. bxc3 Qd6 8.
Bxf6 gxf6 9. Be2 d4 10. c4 b6 11. O-O f5 12. Nh4 Ne7 13. exf5 Nxf5 14. Nxf5 Bxf5
15. Bf3 O-O-O 16. a4 Qe6 17. a5 Bh3 18. Re1 Rhg8 19. axb6 Qxb6 20. Rb1 Qa6 21.
Rxe5 Qg6 22. g3 Rde8 23. Qe1 Re6 24. Bb7+ Kd8 25. Rxe6 Qxe6 26. Be4 f5 27. Rb8+
Kd7 28. Rxg8 Qxg8 29. Bd5 Qg4 30. Qe6+ Kd8 31. Qf6+ Ke8 32. Bc6# 1-0

[Event "AUTO-OPEN-3699"]
[Site "http://www.queenalice.com/game.php?id=1450794"]
[Date "2016.11.18"]
[Round "2"]
[White "Denilsohn"]
[Black "ribeiroBR"]
[Result "0-1"]
[WhiteElo "1569"]
[BlackElo "2048"]

1. g3 d5 2. Nf3 Nc6 3. c4 e6 4. e3 Nf6 5. d4 Be7 6. Bd3 O-O 7. O-O a6 8. Ne5
Nxe5 9. dxe5 Nd7 10. f4 f5 11. cxd5 exd5 12. Nc3 c6 13. Qh5 Nc5 14. Bc2 Be6 15.
Rf3 g6 16. Qh6 Rf7 17. b4 Ne4 18. Nxe4 dxe4 19. Rf2 Bxb4 20. Bb2 Bc5 21. Re2 Qb6
22. Bc1 Rd8 23. h4 Bf8 24. Qg5 Kg7 25. h5 Be7 26. h6+ Kg8 27. Bb3 Bxb3 28. Qxe7
Rxe7 29. axb3 Qxb3 30. Ba3 Red7 31. Bd6 Rxd6 32. exd6 Rxd6 33. Ree1 Rd7 34. Kh2
c5 35. Re2 c4 36. Kh3 c3 37. Ree1 c2 0-1

[Event "PETRO 1"]
[Site "http://www.queenalice.com/game.php?id=1494165"]
[Date "2017.9.12"]
[Round "4"]
[White "ribeiroBR"]
[Black "Denilsohn"]
[Result "1-0"]
[WhiteElo "2030"]
[BlackElo "1601"]

1. e4 c5 2. Nf3 Nc6 3. Bc4 f6 4. d4 e6 5. e5 b6 6. O-O Bb7 7. Nh4 Nxd4 8. Qh5+
Ke7 9. Ng6+ hxg6 10. Qxh8 Kf7 11. Bd3 c4 12. c3 Nf3+ 13. gxf3 cxd3 14. Qh3 fxe5
15. Nd2 Rc8 16. Ne4 Nf6 17. Bg5 Be7 18. Bxf6 Bxf6 19. Nd6+ Ke7 20. Nxc8+ Qxc8
21. Rad1 Qc6 22. Rfe1 Qd5 23. Re3 d2 24. Qg3 Qxa2 25. Rd3 Qxb2 26. R1xd2 Qa1+
27. Rd1 Qa4 28. Rxd7+ Qxd7 29. Rxd7+ Kxd7 30. Qxg6 Kd6 31. Qf7 Kc6 32. Qxe6+ Kc7
33. Qf7+ Kc6 34. h4 e4 35. h5 exf3 36. h6 gxh6 37. Qxf6+ Kd7 38. Qxh6 Kc7 39.
Kh2 Bc6 40. Kg3 Kb7 41. Kf4 Bd7 42. Ke5 Ka6 43. Kd6 Be8 44. Qh3 Kb7 45. Qxf3+
Ka6 46. Qe3 1-0